[Event "St Petersburg-ch sf"]
[Site "St Petersburg"]
[Date "2007.02.17"]
[Round "8"]
[White "Ivanov, Mikhail I"]
[Black "Ivanov, Alexey2222"]
[Result "0-1"]
[WhiteElo "2281"]
[BlackElo "2458"]
[PlyCount "64"]
[EventDate "2007.02.10"]
[EventType "swiss"]
[EventRounds "9"]
[EventCountry "RUS"]
[SourceTitle "EXT 2008"]
[Source "ChessBase"]
[SourceDate "2007.11.25"]
[SourceVersion "1"]
[SourceVersionDate "2007.11.25"]
[SourceQuality "1"]

1. c4 e6 2. Nc3 d5 3. d4 Nf6 4. Nf3 dxc4 5. e3 a6 6. Bxc4 b5 7. Bd3 Bb7 8. 0-0 Nbd7 9. b3 c5 10. Bb2 Be7 11. Rc1 0-0 12. dxc5 Nxc5 13. Bb1 Qb6 14. b4 Ncd7 15. a3 a5 16. Na2 Bd5 17. e4 Bc4 18. Re1 Rfd8 19. Bc3 Ne5 20. bxa5 Qa7 21. Nxe5 Rxd1 22. Rcxd1 Bxa3 23. Nxc4 bxc4 24. Nb4 Qb7 25. Bc2 Bxb4 26. Rb1 Bxc3 27. Rxb7 Bxe1 28. a6 g5 29. a7 Kg7 30. e5 Ng4 31. f3 Bf2+ 32. Kf1 Ne3+ 0-1

[Event "St Petersburg White Nights op"]
[Site "St Petersburg"]
[Date "2004.??.??"]
[Round "1"]
[White "Glazov, Anatoly"]
[Black "Ivanov, Mikhail I"]
[Result "0-1"]
[WhiteElo "2041"]
[BlackElo "2334"]
[PlyCount "110"]
[EventDate "2004.06.??"]
[EventType "swiss"]
[EventRounds "9"]
[EventCountry "RUS"]
[SourceTitle "CBM 100 Extra"]
[Source "ChessBase"]
[SourceDate "2004.07.06"]
[SourceVersion "2"]
[SourceVersionDate "2004.07.06"]
[SourceQuality "1"]

1. e4 c5 2. Nf3 Nc6 3. d4 cxd4 4. Nxd4 g6 5. c3 Bg7 6. Be3 Nf6 7. Nd2 0-0 8. Be2 d5 9. Nxc6 bxc6 10. f3 e5 11. Bc5 Re8 12. 0-0 Be6 13. Qe1 Nd7 14. Bf2 f5 15. Rd1 a5 16. b3 a4 17. b4 f4 18. c4 d4 19. a3 c5 20. b5 g5 21. Rb1 Nb6 22. Qc1 Ra7 23. Qc2 Rf8 24. Qd3 Qe8 25. g4 fxg3 26. Bxg3 Bf6 27. Kh1 Rg7 28. Rg1 h5 29. Bf2 Bd8 30. Bg3 Bf7 31. Bf1 Qe6 32. Rc1 Nd7 33. Qc2 Ba5 34. Be1 Nb6 35. Rg3 Qf6 36. Be2 Qf4 37. Qd3 Be6 38. Rg1 Bf7 39. Rc2 h4 40. Rg4 Qf6 41. Rg1 Bh5 42. Rf1 Qe6 43. Rf2 Rf4 44. Rc1 Qf6 45. Rf1 Kh8 46. h3 Rf7 47. Kg2 Rf8 48. Nb1 Bxe1 49. Rcxe1 Bf7 50. Nd2 Be6 51. Rh1 Qf7 52. Ref1 Rf6 53. Qc2 Rg6 54. Rf2 Qf4 55. Nf1 g4 0-1

[Event "St Petersburg White Nights op"]
[Site "St Petersburg"]
[Date "2004.??.??"]
[Round "7"]
[White "Ivanov, Mikhail I"]
[Black "Sergeev, Veniamin"]
[Result "1-0"]
[WhiteElo "2334"]
[BlackElo "2417"]
[PlyCount "199"]
[EventDate "2004.06.??"]
[EventType "swiss"]
[EventRounds "9"]
[EventCountry "RUS"]
[SourceTitle "CBM 100 Extra"]
[Source "ChessBase"]
[SourceDate "2004.07.06"]
[SourceVersion "2"]
[SourceVersionDate "2004.07.06"]
[SourceQuality "1"]

1. c4 e6 2. Nc3 b6 3. Nf3 Bb7 4. g3 Nf6 5. Bg2 c5 6. 0-0 Be7 7. d4 cxd4 8. Qxd4 d6 9. Bg5 a6 10. Bxf6 Bxf6 11. Qd3 0-0 12. Rad1 Be7 13. Ng5 Bxg5 14. Bxb7 Ra7 15. Be4 g6 16. Qxd6 Rd7 17. Qa3 Be7 18. Rxd7 Qxd7 19. Qb3 Qc7 20. Bd3 Nd7 21. Ne4 Nc5 22. Qc3 Nxe4 23. Bxe4 a5 24. Bd3 Qc5 25. Rb1 Rc8 26. a3 Qc7 27. b4 axb4 28. axb4 Bf8 29. Qa3 h5 30. Qa4 Qe5 31. Qd7 Ra8 32. Kg2 h4 33. Qc6 Rb8 34. Qe4 Qxe4+ 35. Bxe4 hxg3 36. hxg3 Rc8 37. c5 bxc5 38. b5 Rb8 39. b6 Bd6 40. b7 Kf8 41. Bc6 Ke7 42. Rd1 g5 43. Kf3 Rd8 44. Rc1 Rh8 45. e4 f6 46. Ke3 Bb8 47. Rd1 Rd8 48. Rh1 Ba7 49. Ke2 Rf8 50. Ra1 Bb8 51. Rd1 Rd8 52. Rh1 c4 53. Bb5 c3 54. Rh7+ Kd6 55. Kd3 Kc5+ 56. Bd7 Kb6 57. Kxc3 Kxb7 58. Bxe6+ Kc6 59. Bd5+ Kc5 60. Rh1 f5 61. Rh5 fxe4 62. Bxe4 Be5+ 63. Kc2 Kd4 64. Bf5 Bf6 65. Kd2 Rh8 66. Bh7 Re8 67. Rh1 Rb8 68. Ke2 Rb2+ 69. Kf3 Kd5 70. Bg8+ Kd6 71. Rd1+ Ke7 72. Rd5 Kf8 73. Bh7 Be7 74. Bd3 Kg7 75. Re5 Bf6 76. Ra5 Rb7 77. Kg4 Rd7 78. Be4 Rd2 79. Ra7+ Kf8 80. f3 Be7 81. Kf5 Rd6 82. Ra8+ Rd8 83. Ra1 Rd6 84. Rh1 Rf6+ 85. Ke5 Rb6 86. Rh8+ Kg7 87. Rh7+ Kf8 88. g4 Bd6+ 89. Kf5 Bf4 90. Bd5 Ke8 91. Be6 Rd6 92. Kf6 Kd8 93. Rh8+ Kc7 94. Rc8+ Kb6 95. Rc3 Rc6 96. Rb3+ Kc5 97. Kf5 Kd4 98. Rb4+ Kc5 99. Rxf4 gxf4 100. g5 1-0

[Event "St Petersburg White Nights op"]
[Site "St Petersburg"]
[Date "2004.??.??"]
[Round "9"]
[White "Ivanov, Mikhail I"]
[Black "Zacurdajev, Dmitry"]
[Result "0-1"]
[WhiteElo "2334"]
[BlackElo "2136"]
[PlyCount "104"]
[EventDate "2004.06.??"]
[EventType "swiss"]
[EventRounds "9"]
[EventCountry "RUS"]
[SourceTitle "CBM 100 Extra"]
[Source "ChessBase"]
[SourceDate "2004.07.06"]
[SourceVersion "2"]
[SourceVersionDate "2004.07.06"]
[SourceQuality "1"]

1. c4 Nf6 2. Nc3 g6 3. e4 d6 4. d4 Bg7 5. f3 0-0 6. Be3 e5 7. Nge2 c6 8. Qd2 a6 9. 0-0-0 Nbd7 10. dxe5 dxe5 11. Kb1 Qc7 12. Nc1 Nh5 13. g3 f5 14. Be2 Ndf6 15. Qd6 Qf7 16. Nd3 Nd7 17. Rhf1 Re8 18. exf5 gxf5 19. g4 Bf8 20. Qc7 Ng7 21. gxf5 Nxf5 22. Rg1+ Kh8 23. Bf2 Bd6 24. Qa5 Nf6 25. Nc5 Nd4 26. Bxd4 exd4 27. Rxd4 Be5 28. Rd2 b6 29. Qxb6 Bxc3 30. bxc3 Rb8 31. Qb3 Rxb3+ 32. axb3 Qe7 33. Nd3 Bf5 34. Ka2 Nd7 35. Nb2 Qe3 36. Rgd1 Qxc3 37. Na4 Qe5 38. Bf1 Nc5 39. Re2 Qxe2+ 40. Bxe2 Rxe2+ 41. Ka3 Nxa4 42. Kxa4 Rxh2 43. Kb4 h5 44. Rd6 Kg7 45. Rxc6 Ra2 46. Rd6 h4 47. Rd1 h3 48. Kc5 h2 49. b4 Rg2 50. Rh1 Bd3 51. b5 axb5 52. cxb5 Be2 0-1

[Event "St Petersburg White Nights op"]
[Site "St Petersburg"]
[Date "2004.??.??"]
[Round "6"]
[White "Kurenkov, Nikolai"]
[Black "Ivanov, Mikhail I"]
[Result "1-0"]
[WhiteElo "2401"]
[BlackElo "2334"]
[PlyCount "51"]
[EventDate "2004.06.??"]
[EventType "swiss"]
[EventRounds "9"]
[EventCountry "RUS"]
[SourceTitle "CBM 100 Extra"]
[Source "ChessBase"]
[SourceDate "2004.07.06"]
[SourceVersion "2"]
[SourceVersionDate "2004.07.06"]
[SourceQuality "1"]

1. d4 Nf6 2. Bg5 d5 3. Bxf6 gxf6 4. e3 c5 5. c3 e5 6. Nf3 Nc6 7. dxc5 Bxc5 8. Nbd2 Be6 9. Qc2 Qd7 10. a3 Bb6 11. c4 Rc8 12. Rd1 Ne7 13. Ne4 Ng8 14. c5 Kf8 15. b4 Bd8 16. Bc4 Qc6 17. b5 Ba5+ 18. Ke2 Qc7 19. Bxd5 f5 20. Bxe6 fxe4 21. Qxe4 fxe6 22. Nxe5 Nf6 23. Qf4 Ke7 24. Rd7+ Qxd7 25. Nxd7 Nxd7 26. Qd6+ 1-0

[Event "St Petersburg op"]
[Site "St Petersburg"]
[Date "2003.??.??"]
[Round "4"]
[White "Gavrilov, Oleg"]
[Black "Ivanov, Mikhail I"]
[Result "1/2-1/2"]
[WhiteElo "2261"]
[BlackElo "2334"]
[PlyCount "91"]
[EventDate "2003.??.??"]
[EventType "swiss"]
[EventRounds "9"]
[EventCountry "RUS"]
[SourceTitle "EXT 2005"]
[Source "ChessBase"]
[SourceDate "2004.11.15"]
[SourceVersion "1"]
[SourceVersionDate "2004.11.15"]
[SourceQuality "1"]

1. d4 Nf6 2. c4 e6 3. Nc3 Bb4 4. e3 c5 5. Nge2 cxd4 6. exd4 d5 7. c5 Ne4 8. Bd2 Nxd2 9. Qxd2 a5 10. a3 Bxc3 11. Nxc3 0-0 12. Bd3 Nc6 13. Bc2 b6 14. Ba4 Bb7 15. 0-0 bxc5 16. dxc5 Ne5 17. Qd4 Qf6 18. Rfd1 Ba6 19. b4 axb4 20. axb4 Bc4 21. f4 Ng4 22. Qxf6 gxf6 23. Bd7 Rad8 24. Ra7 f5 25. c6 Nf6 26. b5 Nxd7 27. cxd7 Rb8 28. Rc7 Rfd8 29. Rb1 Kf8 30. Na4 Rxb5 31. Rxb5 Bxb5 32. Nb6 d4 33. Kf2 f6 34. g3 e5 35. fxe5 fxe5 36. Rc5 Bxd7 37. Rxe5 Bc6 38. Rxf5+ Kg7 39. Ke2 Rb8 40. Nc4 Rb3 41. Kd2 Rc3 42. Ne5 Be4 43. Rf4 Re3 44. Nc4 Rd3+ 45. Ke2 Bg6 46. Rg4 1/2-1/2

[Event "St Petersburg-chT "]
[Site "St Petersburg"]
[Date "2003.??.??"]
[Round "7"]
[White "Vunder, Yakov"]
[Black "Ivanov, Mikhail I"]
[Result "0-1"]
[WhiteElo "2212"]
[BlackElo "2351"]
[PlyCount "66"]
[EventDate "2003.??.??"]
[EventType "team"]
[EventRounds "9"]
[EventCountry "RUS"]
[SourceTitle "EXT 2005"]
[Source "ChessBase"]
[SourceDate "2004.11.15"]
[SourceVersion "1"]
[SourceVersionDate "2004.11.15"]
[SourceQuality "1"]

1. c4 Nf6 2. Nc3 c5 3. g3 d5 4. cxd5 Nxd5 5. Bg2 Nc7 6. d3 e5 7. Nh3 Nc6 8. 0-0 Be7 9. f4 exf4 10. Nxf4 0-0 11. Kh1 a5 12. Be3 Nd4 13. Rc1 Ra7 14. Na4 Na6 15. Nd5 b5 16. Nxc5 Bxc5 17. Rxc5 Bh3 18. Bxd4 Bxg2+ 19. Kxg2 Nxc5 20. e4 Rc7 21. Nf6+ gxf6 22. Qg4+ Kh8 23. Bxf6+ Qxf6 24. Rxf6 Nxd3 25. Qe2 Rc2 26. Qxc2 Ne1+ 27. Kf2 Nxc2 28. Rf5 Rb8 29. Rxf7 Nb4 30. Ra7 a4 31. b3 Nxa2 32. Rd7 axb3 33. Rd1 b2 0-1

[Event "St Petersburg White Nights op1"]
[Site "St Petersburg"]
[Date "2002.??.??"]
[Round "6"]
[White "Ivanov, Mikhail I"]
[Black "Geller, Jakov"]
[Result "0-1"]
[WhiteElo "2317"]
[BlackElo "2417"]
[PlyCount "92"]
[EventDate "2002.??.??"]
[EventType "swiss"]
[EventRounds "9"]
[EventCountry "RUS"]
[SourceTitle "EXT 2003"]
[Source "ChessBase"]
[SourceDate "2002.11.25"]
[SourceVersion "1"]
[SourceVersionDate "2002.11.25"]
[SourceQuality "1"]

1. c4 e6 2. Nc3 d5 3. d4 c6 4. Nf3 dxc4 5. a4 Bb4 6. e3 b5 7. Nd2 Qb6 8. Qg4 g6 9. axb5 cxb5 10. Nd5 exd5 11. Qxc8+ Ke7 12. g4 Qc6 13. Qxc6 Nxc6 14. Bg2 Kd6 15. Ra6 Nf6 16. 0-0 Rhe8 17. g5 Bxd2 18. Bxd2 Ne4 19. Be1 Kc7 20. f3 Nxg5 21. e4 Kb7 22. Rxc6 Kxc6 23. h4 Ne6 24. exd5+ Kxd5 25. f4+ Kxd4 26. f5 Nc7 27. Bg3 Na6 28. Rd1+ Kc5 29. Rd5+ Kb4 30. Bd6+ Ka4 31. Bf3 Rad8 32. Bd1+ Ka5 33. Kf2 Kb6 34. Bf3 Nc7 35. Bxc7+ Kxc7 36. Rxb5 Rb8 37. Rc5+ Kd6 38. Rc6+ Ke5 39. Rxc4 Rxb2+ 40. Kg3 Re7 41. Rc5+ Kf6 42. fxg6 hxg6 43. h5 gxh5 44. Rxh5 Re3 45. Kf4 Ra3 46. Bd5 Rb4+ 0-1

[Event "St Petersburg-ch sf"]
[Site "St Petersburg"]
[Date "2002.??.??"]
[Round "9"]
[White "Shchukin, Dmitry"]
[Black "Ivanov, Mikhail I"]
[Result "1-0"]
[WhiteElo "2382"]
[BlackElo "2317"]
[PlyCount "63"]
[EventDate "2002.02.??"]
[EventType "swiss"]
[EventRounds "10"]
[EventCountry "RUS"]
[SourceTitle "EXT 2003"]
[Source "ChessBase"]
[SourceDate "2002.11.25"]
[SourceVersion "1"]
[SourceVersionDate "2002.11.25"]
[SourceQuality "1"]

1. d4 Nf6 2. c4 e6 3. Nc3 Bb4 4. e3 c5 5. Nge2 cxd4 6. exd4 d5 7. c5 Ne4 8. Bd2 Nxd2 9. Qxd2 a5 10. a3 Bxc3 11. Nxc3 a4 12. Bb5+ Bd7 13. 0-0 0-0 14. f4 Bxb5 15. Nxb5 g6 16. Rf3 Nc6 17. Rd1 b6 18. f5 exf5 19. Qh6 Qf6 20. cxb6 Rfd8 21. Rh3 Qg7 22. Qxg7+ Kxg7 23. Rc3 Na5 24. Rc7 Rab8 25. Nc3 Rxb6 26. Nxa4 Rb3 27. Nc5 Rdb8 28. Nxb3 Rxb3 29. Re1 Kf6 30. Re2 g5 31. Rc5 Nc4 32. Rc6+ 1-0

[Event "RUS-Cup01 Chigorin Memorial"]
[Site "St Petersburg"]
[Date "1997.11.06"]
[Round "6"]
[White "Shour, Janna"]
[Black "Ivanov, Mikhail I"]
[Result "0-1"]
[WhiteElo "2165"]
[BlackElo "2320"]
[PlyCount "62"]
[EventDate "1997.11.01"]
[EventType "swiss"]
[EventRounds "9"]
[EventCountry "RUS"]
[SourceTitle "CBM 061 Extra"]
[Source "ChessBase"]
[SourceDate "1998.03.09"]
[SourceVersion "1"]
[SourceVersionDate "1998.03.09"]
[SourceQuality "1"]

1. e4 c5 2. Nf3 Nc6 3. d4 cxd4 4. Nxd4 Nf6 5. Nc3 g6 6. Nde2 b5 7. g3 b4 8. Nd5 Nxe4 9. Bg2 f5 10. Nd4 Qa5 11. Nb3 Qd8 12. h4 Bg7 13. h5 e6 14. Bxe4 fxe4 15. Nf4 Ne5 16. Nd4 0-0 17. hxg6 hxg6 18. Be3 a5 19. Qd2 Qf6 20. 0-0 Ra6 21. c3 Rd6 22. Qc2 Bb7 23. Nb5 Rd3 24. Rad1 g5 25. Nh3 g4 26. Nf4 Bh6 27. Kg2 Bxf4 28. gxf4 Ng6 29. Rh1 Nxf4+ 30. Kg3 Qe5 31. Nd4 Nd5+ 0-1

[Event "RUS-Cup01 Chigorin Memorial"]
[Site "St Petersburg"]
[Date "1997.11.04"]
[Round "4"]
[White "Nikolaev, Nikita"]
[Black "Ivanov, Mikhail I"]
[Result "1-0"]
[WhiteElo "2290"]
[BlackElo "2320"]
[PlyCount "43"]
[EventDate "1997.11.01"]
[EventType "swiss"]
[EventRounds "9"]
[EventCountry "RUS"]
[SourceTitle "CBM 061 Extra"]
[Source "ChessBase"]
[SourceDate "1998.03.09"]
[SourceVersion "1"]
[SourceVersionDate "1998.03.09"]
[SourceQuality "1"]

1. d4 Nf6 2. Nf3 b5 3. Bg5 Bb7 4. e3 a6 5. c4 bxc4 6. Bxf6 gxf6 7. Bxc4 e6 8. 0-0 Rg8 9. d5 Bd6 10. Nc3 f5 11. e4 Qf6 12. Qb3 Ra7 13. Rae1 Qg6 14. g3 Kf8 15. exf5 Qxf5 16. Nd4 Qh3 17. Ne4 Rg6 18. Nxd6 cxd6 19. Re2 exd5 20. Bd3 Nc6 21. Nxc6 Bxc6 22. Qb8+ 1-0